História do Futebol Mundial - Statistics

Estatísticas Gerais
  • Esse quiz foi jogado 977 vezes
  • A pontuação média é 15 de 35
Estatísticas das Respostas
Questões Respostas % Correto
Jogador mais vezes artilheiro da UEFA Champions League Cristiano Ronaldo
100%
Jogador com mais gols em um ano Lionel Messi,Pelé
100%
Jogadores que marcaram em todos os minutos possíveis Cristiano Ronaldo,Zlatan Ibrahimović
86%
Maior goleiro artilheiro de todos os tempos Rogério Ceni
86%
Clube com mais títulos mundiais consecutivos Real Madrid
81%
Maior transferência da história do futebol Neymar
76%
Maior transferência da história do futebol(com 30 anos ou mais) Cristiano Ronaldo
75%
Jogador com mais títulos na carreira Daniel Alves
74%
Times que conquistaram mais títulos dentro de um único ano/Temporada Barcelona,Bayern de Munique
73%
Hat-trick mais rápido da história Robert Lewandowski
66%
Maior lateral artilheiro de todos os tempos Roberto Carlos
64%
Maior artilheiro de Copas do Mundo Miroslav Klose
61%
Jogador com mais gols de falta na carreira Juninho Pernambucano
59%
Jogador que disputou mais finais seguidas de Copa do Mundo Cafu
56%
Seleção com mais conquistas olímpicas Brasil
51%
Únicos treinadores da história a fazer a sêxtupla coroa Josep Guardiola,Hans-Dieter Flick
50%
Maior transferência da história do futebol(con 20 anos ou menos) Kylian Mbappé
49%
Maior zagueiro artilheiro de todos os tempos Ronald Koeman
41%
Maior número de títulos como treinador Alex Ferguson
28%
Competição de futebol mais antiga Copa da Inglaterra
25%
Maior artilheiro de uma única edição de Copas do Mundo Just Fontaine
24%
Time com maior número de títulos de uma mesma competição ABC
23%
Maior invencibilidade considerando todos os jogos em qualquer campeonato Celtic
22%
Clube que mais teve jogadores campeões mundiais da Copa do Mundo Juventus
22%
Jogador que mais defendeu clubes diferentes pelo mundo em sua carreira profissional Lutz Pfannenstiel,Sebastián Abreu
22%
Time com mais jogos no mesmo dia Grêmio
19%
Goleiro com mais gols feitos numa única partida oficial José Luis Chilavert,Ilija Pantelić,Grigoris Athanasiou
17%
Maior artilheiro da história da Copa Libertadores da América Alberto Spencer
15%
Jogador que mais partidas disputou em Copas do Mundo Lothar Matthäus
12%
Jogador que mais conquistou títulos mundiais em todos os tempos Toni Kross
11%
Clube que ganhou o título máximo continental mais vezes consecutivas Auckland City
7%
Maior público em uma partida de futebol no Mundo Maracanaço
4%
Clube que marcou o gol mais tarde na história Sport Recife
4%
Jogador que jogou mais partidas oficiais em todos os tempos Peter Shilton
2%
Time com mais títulos oficiais de qualquer tipo Linfield Football Club
1%
Nenhum quiz correspondente encontrado
Distribuição das Pontuações
Porcentagem de Pessoas com Cada Pontuação
Percentil de Números Respondidos
Sua Pontuação Histórica
Você não jogou esse quiz